00426nam a2200121Ia 4500008004100000245009400041260002400135260000900159300000800168650002300176650001200199856009300211170516s9999 xx 000 0 und d 4aThe 5th International Conference on Biomedical Engineering and Biotechnology (ICBEB 2016) bBMC Medical Imaging c2016 a16: xMedical Technology xMedtech uhttp://bmcmedimaging.biomedcentral.com/articles?query=&volume=16&searchType=&tab=keyword